hotline bling Drake lyrics - Statistics

General Stats
  • This quiz has been taken 4,022 times
  • The average score is 13 of 15
Answer Stats
Hint Answer % Correct
you used to _____ me on my cell phone call
100%
call ___ on my cell phone me
99%
late night ____ you need my love when
98%
late night ____ you need my love when
98%
that can _____ mean one thing only
95%
ever ______ I left the city you since
95%
And I ____ when that hotline bling know
94%
I know when _____ hotline bling that
94%
that _____ only mean one thing can
93%
Cause ______ since I left the city you ever
91%
everybody knows and I feel _____ out left
84%
got a reputation for _________ now yourself
82%
glasses of _______ out on the dance floor champagne
73%
you started _____ less and going out more wearing
60%
girl you got me __________ you got me stressed out down
32%
No matching quizzes found
Score Distribution
Percent of People with Each Score
Percentile by Number Answered
Your Score History
You have not taken this quiz